00976nam a22001817a 450000500170000000800410001702000150005805000150007310000270008824500790011526000320019430000220022650400870024850503910033565000290072665000200075565000190077520231102151851.0150917b1992 xxu||||| |||| 00| 0 spa d a9586530248 aHM134bL45 aLeigh, Davide , autor aComo entrenar un grupo eficienteb : Métodos prácticosc / David Leigh aColombiab : LEGISc , 1992 axv, 197 páginas aIncluye: Tabla de contenido prólogo Prefacio Lecturas adicionales (página 197) aIntroducción al proceso de entrenamiento Fijación de objetivos Desarrollar un plan de estudio El ambiente del entrenameinto Métodos de capacitación Habilidades para expresarse y enseñar Preguntas y respuestas Manejar gente problema Crear afinidad Utilizar la voz Comunicación no verbal Manejar el estrés Apoyo visual Evaluación del entrenameinto Listas de verificación 0aPROCESO DE ENTRENAMIENTO 0aPLAN DE ESTUDIO 0aCAPACITACIÓN